Qualitative research practice : (Record no. 22715)
[ view plain ]
| 000 -LEADER | |
|---|---|
| fixed length control field | 01509cam a22004214i 4500 |
| 001 - CONTROL NUMBER | |
| control field | 17699212 |
| 003 - CONTROL NUMBER IDENTIFIER | |
| control field | OSt |
| 005 - DATE AND TIME OF LATEST TRANSACTION | |
| control field | 20211216152511.0 |
| 008 - FIXED-LENGTH DATA ELEMENTS--GENERAL INFORMATION | |
| fixed length control field | 130416s2014 cau b 001 0 eng |
| 010 ## - LIBRARY OF CONGRESS CONTROL NUMBER | |
| LC control number | 2013938039 |
| 020 ## - INTERNATIONAL STANDARD BOOK NUMBER | |
| International Standard Book Number | 9781446209110 |
| 040 ## - CATALOGING SOURCE | |
| Original cataloging agency | DLC |
| Language of cataloging | eng |
| Description conventions | rda |
| Transcribing agency | HU |
| Modifying agency | DLC |
| 042 ## - AUTHENTICATION CODE | |
| Authentication code | pcc |
| 050 00 - LIBRARY OF CONGRESS CALL NUMBER | |
| Classification number | H62 |
| Item number | .Q3546 2014 |
| 082 00 - DEWEY DECIMAL CLASSIFICATION NUMBER | |
| Classification number | 001.4/2 |
| Edition number | 23 |
| 245 00 - TITLE STATEMENT | |
| Title | Qualitative research practice : |
| Remainder of title | a guide for social science students and researchers / |
| Statement of responsibility, etc. | editors, Jane Ritchie, Jane Lewis, Carol McNaughton Nicholls, Rachel Ormston. |
| 250 ## - EDITION STATEMENT | |
| Edition statement | Second edition. |
| 264 #1 - PRODUCTION, PUBLICATION, DISTRIBUTION, MANUFACTURE, AND COPYRIGHT NOTICE | |
| Place of production, publication, distribution, manufacture | Los Angeles ; |
| Name of producer, publisher, distributor, manufacturer | Sage, |
| Date of production, publication, distribution, manufacture, or copyright notice | 2014. |
| 300 ## - PHYSICAL DESCRIPTION | |
| Extent | xxiv, 430 pages ; |
| Dimensions | 24 cm |
| 336 ## - CONTENT TYPE | |
| Content type term | text |
| Content type code | txt |
| Source | rdacontent |
| 337 ## - MEDIA TYPE | |
| Media type term | unmediated |
| Media type code | n |
| Source | rdamedia |
| 338 ## - CARRIER TYPE | |
| Carrier type term | volume |
| Carrier type code | nc |
| Source | rdacarrier |
| 500 ## - GENERAL NOTE | |
| General note | Editors information from page xv. |
| 500 ## - GENERAL NOTE | |
| General note | Edition statement from spine. |
| 500 ## - GENERAL NOTE | |
| General note | First edition published in 2003 and reprinted every year, ending in 2013. |
| 650 #0 - SUBJECT ADDED ENTRY--TOPICAL TERM | |
| Topical term or geographic name entry element | Social sciences |
| General subdivision | Research. |
| 9 (RLIN) | 9917 |
| 650 #0 - SUBJECT ADDED ENTRY--TOPICAL TERM | |
| Topical term or geographic name entry element | Social sciences |
| General subdivision | Methodology. |
| 9 (RLIN) | 3028 |
| 650 #0 - SUBJECT ADDED ENTRY--TOPICAL TERM | |
| Topical term or geographic name entry element | Qualitative research. |
| 9 (RLIN) | 22534 |
| 700 1# - ADDED ENTRY--PERSONAL NAME | |
| Personal name | Ritchie, Jane, |
| Relator term | editor. |
| 9 (RLIN) | 23206 |
| 700 1# - ADDED ENTRY--PERSONAL NAME | |
| Personal name | Lewis, Jane, |
| Dates associated with a name | 1962- |
| 9 (RLIN) | 23207 |
| 700 1# - ADDED ENTRY--PERSONAL NAME | |
| Personal name | McNaughton Nicholls, Carol. |
| 9 (RLIN) | 23208 |
| 700 1# - ADDED ENTRY--PERSONAL NAME | |
| Personal name | Ormston, Rachel. |
| 9 (RLIN) | 23209 |
| 906 ## - LOCAL DATA ELEMENT F, LDF (RLIN) | |
| a | 7 |
| b | cbc |
| c | origcop |
| d | 2 |
| e | epcn |
| f | 20 |
| g | y-gencatlg |
| 942 ## - ADDED ENTRY ELEMENTS (KOHA) | |
| Source of classification or shelving scheme | Dewey Decimal Classification |
| Koha item type | Books like text book referance book |
| Suppress in OPAC | No |
| Withdrawn status | Lost status | Source of classification or shelving scheme | Damaged status | Not for loan | Home library | Current library | Shelving location | Date acquired | Total Checkouts | Full call number | Barcode | Date last seen | Copy number | Price effective from | Koha item type |
|---|---|---|---|---|---|---|---|---|---|---|---|---|---|---|---|
| Dewey Decimal Classification | Social Library | Social Library | General Stacks | 12/16/2021 | 001.42/QUA | SHLIB 000012294 | 12/16/2021 | 1 | 12/16/2021 | Books like text book referance book |